000 00444nam a22001697a 4500
999 _c526582
_d526582
003 NUST
020 _qP/B
038 _awaseem
082 _a891.421
_bASL
100 _aAslam Rana, Muhammad
_917593
245 _aPhol Pholwari /
_cMuhammad Aslam Rana
260 _aLahore :
_bAziz Books,
_c1984.
300 _a583 p. ;
880 _6100-01\r
_aمحمد اسلم رانا
880 _6245-02\r
_aپُھل پُھلواری /
942 _2ddc
_cBK